Music Quiz

Random Music or Africa Quiz

Toto - Rosanna Lyrics Quiz Stats

 Plays Quiz not verified by Sporcle

Challenge
Share
Tweet
Embed
Score 0/265 Timer 09:00
0 Plays Today
% Correct
the
99.3%
a
99.3%
and
99.3%
a
99.3%
and
99.3%
and
99.3%
the
99.2%
the
99.2%
a
99.2%
the
99.2%
the
99.2%
the
99.2%
the
99.2%
the
99.2%
the
99.2%
a
99.2%
the
99.2%
the
99.2%
the
99.2%
the
99.2%
the
99.2%
a
99.2%
the
99.2%
the
99.2%
the
99.2%
the
99.2%
the
99.2%
the
99.2%
the
99.2%
I
98.8%
I
98.8%
I
98.8%
I
98.8%
I
98.8%
I
98.8%
I
98.8%
Rosanna
98.7%
Rosanna
98.7%
Rosanna
98.7%
Rosanna
98.7%
Rosanna
98.7%
I
98.7%
Rosanna
98.7%
I
98.7%
Rosanna
98.7%
Rosanna
98.7%
I
98.7%
Rosanna
98.7%
Rosanna
98.7%
I
98.7%
Rosanna
98.7%
I
98.7%
Rosanna
98.7%
Rosanna
98.7%
Rosanna
98.7%
Rosanna
98.7%
Rosanna
98.7%
Rosanna
98.7%
I
98.7%
Rosanna
98.7%
Rosanna
98.7%
Rosanna
98.7%
Rosanna
98.7%
you
98%
you
98%
you
98%
you
98%
you
98%
you
98%
you
98%
you
98%
you
98%
you
98%
you
98%
you
98%
you
98%
you
98%
you
98%
you
98%
you
98%
you
98%
you
98%
you
97.9%
you
97.9%
you
97.9%
All
94.1%
All
94.1%
all
94.1%
all
94.1%
% Correct
all
94.1%
all
94.1%
all
94.1%
all
94.1%
all
94.1%
all
94.1%
All
94.1%
all
94.1%
all
94.1%
all
94.1%
all
94.1%
all
94.1%
all
94.1%
all
94.1%
all
94.1%
me
91.7%
do
91.6%
do
91.6%
me
91.6%
in
90.9%
is
90.9%
in
90.9%
is
90.8%
is
90.8%
your
89.8%
your
89.6%
see
89.4%
see
89.4%
wanna
86.1%
wanna
86.1%
wanna
86%
way
85.8%
way
85.8%
way
85.8%
way
85.8%
way
85.8%
way
85.8%
way
85.8%
way
85.8%
way
85.6%
way
85.6%
way
85.6%
way
85.6%
way
85.6%
way
85.6%
way
85.6%
way
85.6%
when
85.3%
morning
85.1%
ever
85%
ever
85%
ever
84.8%
ever
84.8%
eyes
84.7%
up
84.2%
to
84%
to
84%
to
84%
to
84%
wake
83.5%
never
83.2%
never
83.2%
never
83%
like
80.5%
could
80.5%
like
80.5%
could
80.5%
could
80.4%
girl
80.2%
of
80.2%
girl
80.2%
middle
77.9%
for
76.6%
for
76.4%
have
76.4%
have
76.4%
have
76.4%
have
76.4%
thought
76.2%
thought
76.2%
hold
75.6%
would
75.4%
tight
74.6%
Meet
73.6%
meet
73.6%
Meet
73.6%
meet
73.6%
Meet
73.6%
meet
73.6%
% Correct
Meet
73.6%
meet
73.6%
Meet
73.6%
meet
73.6%
Meet
73.6%
meet
73.6%
Meet
73.6%
meet
73.6%
Meet
73.6%
meet
73.6%
so
73.3%
so
73.1%
she
72.8%
yeah
72.8%
she
72.8%
she
72.8%
yeah
72.6%
yeah
72.6%
yeah
72.6%
yeah
72.6%
yeah
72.6%
yeah
72.6%
yeah
72.6%
yeah
72.6%
yeah
72.6%
yeah
72.6%
away
70.6%
away
70.6%
away
70.6%
evening
70%
went
68.2%
went
68.2%
went
68.2%
since
66.7%
Now
66.7%
since
66.7%
Now
66.7%
now
66.7%
since
66.7%
Now
66.7%
that
65.8%
be
65.5%
Not
65.2%
Not
65.2%
Not
65.2%
gone
64%
gone
64%
gone
64%
she's
61.4%
she's
61.4%
she's
61.4%
year
60.9%
year
60.9%
year
60.9%
can
60.4%
on
60.2%
on
60.2%
care
59.6%
bad
59.4%
feel
57.3%
make
55.8%
know
54.3%
know
54.3%
quite
53.6%
quite
53.6%
quite
53.6%
face
53.1%
than
51.8%
more
51.5%
hurt
51.5%
were
51%
compromise
49.3%
sad
47.5%
didn't
46%
didn't
46%
other
45.2%
side,
44.7%
looking
43.7%
stay
40.3%
stay
40.3%
stay
40.3%
losing
37%
shining
35%
window
34%
tell
34%
you'll
33.2%
still
29.4%

You're not logged in!

Compare scores with friends on all Sporcle quizzes.
OR
Log In

You Might Also Like...

Show Comments

Extras

Created Feb 2, 2012ReportNominate
Tags:Africa Quiz, 1980s, toto

Top Quizzes Today


Score Distribution

Your Account Isn't Verified!

In order to create a playlist on Sporcle, you need to verify the email address you used during registration. Go to your Sporcle Settings to finish the process.

Report this User

Report this user for behavior that violates our Community Guidelines.

Details: